Logo BPK

Bibliografia Prac Pracowników

Politechniki Koszalińskiej

Widok standardowy Widok MARC
  • 2001-

Pozycja Nazwa chronologiczna

Liczba rekordów, w których użyto hasła: 1

001 - NUMER KONTROLNY

  • pole kontrolne: 6829

003 - IDENTYFIKATOR NUMERU KONTROLNEGO

  • pole kontrolne: KOSZ 005

005 - DATA I GODZINA OSTATNIEJ MODYFIKACJI

  • pole kontrolne: 20180307115509.0

008 - ELEMENTY DANYCH STAŁEJ DŁUGOŚCI

  • pole kontrolne stałej długości: 180307|| aca||aabn | a|a d

040 ## - ŹRÓDŁO OPISU

  • Instytucja, która jako pierwsza sporządziła opis: KOSZ 005
  • Instytucja, która utworzyła rekord: KOSZ 005

148 ## - DESKRYPTOR CHRONOLOGICZNY

  • Chronologia: 2001-

670 ## - ŹRÓDŁO, W KTÓRYM ZNALEZIONO DANE

  • Źródło, w którym znaleziono dane: Work cat.: (KOSZ 005)8814: 6359 DAWID, Leszek. Politechnika Koszalińska - Wydział Budownictwa i Inżynierii Środowiska, Katedra Geodezji Gospodarczej, Ekonomiczne osobliwości rynku opieki zdrowotnej i rynku leków /
© 2014 Biblioteka Politechniki Koszalińskiej :: BIBLIOGRAFIA PRAC PRACOWNIKÓW